De indiarum jure

Gorde:
Xehetasun bibliografikoak
Egile nagusia: Solorzano Pereira, Juan de (Egilea)
Formatua: Liburua
Hizkuntza:latina
Argitaratua: Madrid Regia 1777
Gaiak:
Etiketak: Etiketa erantsi
Etiketarik gabe, Izan zaitez lehena erregistro honi etiketa jartzen!

MARC

LEADER 00000nam a2200000 a 4500
001 UCS9209
003 CL-VaPUC
008 971113e17770000SP |||||||||||||||||lat|d
082 0 4 |a 340.098  |b SOL  |2 21 
100 0 |a Solorzano Pereira, Juan de  |e author  |9 394285 
245 1 0 |a De indiarum jure 
300 |a 2 v 
942 |c BK 
945 |d 19971113 00:00:00  |a cmena 
260 |a Madrid  |b Regia  |c 1777 
500 |a v.1: De justa indiarum occidentalium inquisitione, acquisitione, retentione 
500 |a De justa indiarum occidentalium gubernatione 
650 0 |a Derecho Indiano  |9 256266 
650 0 |a Derecho eclesiástico  |9 255055 
650 0 |a Iglesia y Estado  |9 254995 
650 7 |a DERECHO CANONICO  |2 CL-VaPUC  |9 394286 
650 7 |a ORDENANZAS DE INDIAS  |2 CL-VaPUC  |9 394287 
583 |a last modification  |c 20170612 11:06:52  |k Rodrigo Vera 
999 |c 263203  |d 263201 
952 |0 0  |1 0  |4 0  |6 340_098000000000000_SOL_1777  |7 0  |8 DER_HDC  |9 292361  |a BIBDER  |b BIBDER  |d 2019-11-19  |h v.1  |i 1900927  |o 340.098 SOL 1777  |p 1900927  |r 2023-01-25  |w 2019-11-19  |x Ubicación 4to Piso  |y BK_X  |z Estos recursos deben solicitarse con anticipación  |k DER 
952 |0 0  |1 0  |4 0  |6 340_098000000000000_SOL_1777  |7 0  |8 DER_HDC  |9 292362  |a BIBDER  |b BIBDER  |d 2019-11-19  |h v.2  |i 1900862  |o 340.098 SOL 1777  |p 1900862  |r 2023-01-25  |w 2019-11-19  |x Ubicación 4to Piso  |y BK_X  |z Estos recursos deben solicitarse con anticipación  |k DER